| 000 | 00322nam a2200121Ia 4500 | ||
|---|---|---|---|
| 005 | 20260326100037.0 | ||
| 008 | 260326s9999||||xx |||||||||||||| ||und|| | ||
| 100 | _aHarth-Terré, Emilio | ||
| 245 | 0 |
_aFilosofía en el Urbanismo / _cEmilio Harth-Terré |
|
| 260 | _bTierra y Arte Editores | ||
| 650 | _aURBANISMO | ||
| 942 | _cBK | ||
| 999 |
_c6865 _d6865 |
||